00990cam a22003014i 4500003000900000005001700009008004100026020001500067035002700082040003300109082001900142100003100161245007500192264006700267300003800334336002100372337002500393338002300418505008100441526000900522526000900531526000800540526000800548526000800556650005000564650005000614650002400664PE-LiUPU20250731184057.0150623s1984 cau r 000 0 eng d a0520028996 a(Sirsi) i9780520028999 aPE-LiUPUbspacPE-LiUPUerda04a893.1bL612211 aLichtheim, Miriam,eautor.10aAncient egyptian literature :ba book of readings /cMiriam Lichtheim. 1aBerkeley, California :bUniversity of California press,c1984. a245 páginas ;c23 centímetros atext2rdacontent aunmediated2rdamedia avolume2rdacarrier0 aThe old kingdom. -The transition to the middle kingdom. -The middle kingdom. aP145 aP127 aP97 aP14 aP0714aLiteratura egipciaxTraducciones al inglés.24aLiteratura inglesaxTraducciones del egipcio.24aLiteratura egipcia.